000 00690nam a2200205 4500
001 110355
003 ES-MaACL
005 20230906185032.0
007 t|
008 061121s1984 sp r ||||1| spa d
100 1 _aMolina, Tirso de,
_d1579-1648
_9226522
245 1 3 _aLa villana de la Sagra; El colmenero divino /
_cTirso de Molina; edición, introducción y notas de Berta Pallares.
260 _aMadrid :
_bCastalia,
_c1984.
300 _a306 p., 3 h. de lám. ;
_c18 cm.
490 1 _aClásicos Castalia ;
_v135
700 1 _aPallarés, Berta.
_988570
830 0 _aClásicos Castalia ;
_v135
_9178595
852 _aES-MaACL
_jL-9006
_bR.110373
999 _c110355
_d110355